CARRANZAS CLINICAL PERIODONTOLOGY (Record no. 3572)
[ view plain ]
| 000 -LEADER | |
|---|---|
| fixed length control field | 00367nam a2200145Ia 4500 |
| 008 - FIXED-LENGTH DATA ELEMENTS--GENERAL INFORMATION | |
| fixed length control field | 150201s2006 xx 000 0 und d |
| 082 ## - DEWEY DECIMAL CLASSIFICATION NUMBER | |
| Classification number | 617.645 |
| Item number | C2006N |
| 100 ## - MAIN ENTRY--PERSONAL NAME | |
| Personal name | NEWMAN,MICHAL G. |
| 245 ## - TITLE STATEMENT | |
| Title | CARRANZAS CLINICAL PERIODONTOLOGY |
| 250 ## - EDITION STATEMENT | |
| Edition statement | 10TH |
| 260 ## - PUBLICATION, DISTRIBUTION, ETC. (IMPRINT) | |
| Name of publisher, distributor, etc. | SAUNDERS |
| Place of publication, distribution, etc. | PHILADELPHIA |
| Date of publication, distribution, etc. | 2006 |
| 300 ## - PHYSICAL DESCRIPTION | |
| Extent | 1-1286 |
| 650 ## - SUBJECT ADDED ENTRY--TOPICAL TERM | |
| Topical term or geographic name as entry element | PERIODONTICS |
| 942 ## - ADDED ENTRY ELEMENTS (KOHA) | |
| Source of classification or shelving scheme | Dewey Decimal Classification |
| Koha item type | Books |
| Koha issues (borrowed), all copies | 73 |
| Withdrawn status | Lost status | Source of classification or shelving scheme | Damaged status | Not for loan | Home library | Current library | Date acquired | Source of acquisition | Cost, normal purchase price | Serial Enumeration / chronology | SGTU | Bill Number | Total Checkouts | Full call number | Barcode | Date last seen | Date last checked out | Bill Date | Koha item type |
|---|---|---|---|---|---|---|---|---|---|---|---|---|---|---|---|---|---|---|---|
| Dewey Decimal Classification | SGT Dental Library | SGT Dental Library | 07/02/2007 | U.B.S.DELHI | 1950.00 | 1 | SGTU | 1095 | 4 | 617.645 C2006N | FD4132 | 22/04/2025 | 02/04/2025 | 14/08/2012 | Books | ||||
| Dewey Decimal Classification | SGT Dental Library | SGT Dental Library | 07/02/2007 | U.B.S.DELHI | 1950.00 | 1 | SGTU | 1095 | 82 | 617.645 C2006N | FD4133 | 08/08/2025 | 08/08/2025 | 14/08/2012 | Books | ||||
| Dewey Decimal Classification | SGT Dental Library | SGT Dental Library | 07/02/2007 | U.B.S.DELHI | 1950.00 | 1 | SGTU | 1095 | 617.645 C2006N | FD4134 | 09/02/2015 | 14/08/2012 | Books | ||||||
| Dewey Decimal Classification | SGT Dental Library | SGT Dental Library | 07/02/2007 | U.B.S.DELHI | 1950.00 | 1 | SGTU | 1095 | 63 | 617.645 C2006N | FD4135 | 19/11/2025 | 13/11/2025 | 14/08/2012 | Books |